000 00310nam a2200133Ia 4500
008 240624s9999 xx 000 0 und d
041 _aeng
082 _a658.4092 COO
100 _aCOOPER ROBERT K
245 _aEXECUTIVE EQ
260 _c1998
_aNew York
_bPerigee Trade
300 _a327 : p.
365 _c
_b30
999 _c12889
_d12889